The gateway Jewish museum project (Record no. 75616)
[ view plain ]
| 000 -LEADER | |
|---|---|
| fixed length control field | 00613nam a22002177a 4500 |
| 005 - DATE AND TIME OF LATEST TRANSACTION | |
| control field | 20230412133413.0 |
| 008 - FIXED-LENGTH DATA ELEMENTS--GENERAL INFORMATION | |
| fixed length control field | 230404b |||||||| |||| 00| 0 eng d |
| 040 ## - CATALOGING SOURCE | |
| Original cataloging agency | CBULib |
| Transcribing agency | CBULib |
| 041 ## - LANGUAGE CODE | |
| Language code of text/sound track or separate title | eng |
| 050 ## - LIBRARY OF CONGRESS CALL NUMBER | |
| Classification number | DS 113.8.Z33 Alb |
| 100 ## - MAIN ENTRY--PERSONAL NAME | |
| Personal name | Albert, Shea |
| 245 ## - TITLE STATEMENT | |
| Title | The gateway Jewish museum project |
| Statement of responsibility, etc. | / by Shea Albert and David Saks |
| 260 ## - PUBLICATION, DISTRIBUTION, ETC. | |
| Place of publication, distribution, etc. | Lusaka : |
| Name of publisher, distributor, etc. | Council for Zambia Jewry, |
| Date of publication, distribution, etc. | 2018 |
| 300 ## - PHYSICAL DESCRIPTION | |
| Extent | 68 pages : illustrations |
| 600 ## - SUBJECT ADDED ENTRY--PERSONAL NAME | |
| Source of heading or term | Title page |
| Personal name | ALBERT, SHEA |
| 600 ## - SUBJECT ADDED ENTRY--PERSONAL NAME | |
| Source of heading or term | Title page |
| Personal name | SAKS, DAVID |
| 650 ## - SUBJECT ADDED ENTRY--TOPICAL TERM | |
| Topical term or geographic name entry element | JEWS--ZAMBIA |
| 650 ## - SUBJECT ADDED ENTRY--TOPICAL TERM | |
| Topical term or geographic name entry element | JEWS |
| 700 ## - ADDED ENTRY--PERSONAL NAME | |
| Personal name | Saks, David |
| 942 ## - ADDED ENTRY ELEMENTS (KOHA) | |
| Koha item type | MONOGRAPH |
| 999 ## - | |
| -- | 75616 |
| -- | 75616 |
| Withdrawn status | Lost status | Source of classification or shelving scheme | Damaged status | Not for loan | Collection code | Permanent Location | Current Location | Shelving location | Date acquired | Source of acquisition | Cost, normal purchase price | Full call number | Barcode | Date last seen | Copy number | Cost, replacement price | Price effective from | Koha item type | Total Checkouts | Date last checked out |
|---|---|---|---|---|---|---|---|---|---|---|---|---|---|---|---|---|---|---|---|---|
| Main Library Open Access Collection | CBU-MAIN LIBRARY, KITWE. | CBU-MAIN LIBRARY, KITWE. | General Stacks | 04/04/2023 | Book Aid International | 25.00 | DS 113.8.Z33 Alb | 751880 | 04/04/2023 | 1 | 32.50 | 04/04/2023 | MONOGRAPH | |||||||
| Main Library Open Access Collection | CBU-MAIN LIBRARY, KITWE. | CBU-MAIN LIBRARY, KITWE. | General Stacks | 04/04/2023 | DON-BOOKAID | 25.00 | DS 113.8.Z33 Alb | 751881 | 06/26/2023 | 2 | 32.50 | 04/04/2023 | MONOGRAPH | 1 | 06/12/2023 | |||||
| Main Library Open Access Collection | CBU-MAIN LIBRARY, KITWE. | CBU-MAIN LIBRARY, KITWE. | General Stacks | 04/04/2023 | DON-BOOKAID | 25.00 | DS 113.8.Z33 Alb | 751882 | 04/20/2023 | 3 | 32.50 | 04/04/2023 | MONOGRAPH | 1 | 04/20/2023 | |||||
| Medical Library Collection | CBU-SCHOOL OF MEDICINE LIBRARY, NDOLA. | CBU-SCHOOL OF MEDICINE LIBRARY, NDOLA. | School of Medicine Collection - Hospital Campus | 04/12/2023 | DON-MISCELLANEOUS | 25.00 | DS 113.8.Z33 Alb | 905341 | 04/12/2023 | 4 | 32.50 | 04/12/2023 | MONOGRAPH | |||||||
| Medical Library Collection | CBU-SCHOOL OF MEDICINE LIBRARY, NDOLA. | CBU-SCHOOL OF MEDICINE LIBRARY, NDOLA. | School of Medicine Collection - Hospital Campus | 04/12/2023 | DON-MISCELLANEOUS | 25.00 | DS 113.8.Z33 Alb | 905342 | 04/12/2023 | 5 | 32.50 | 04/12/2023 | MONOGRAPH | |||||||
| Medical Library Collection | CBU-SCHOOL OF MEDICINE LIBRARY, NDOLA. | CBU-SCHOOL OF MEDICINE LIBRARY, NDOLA. | School of Medicine Collection - Hospital Campus | 04/12/2023 | DON-MISCELLANEOUS | 25.00 | DS 113.8.Z33 Alb | 905343 | 04/12/2023 | 6 | 32.50 | 04/12/2023 | MONOGRAPH |